000 01532nam a2200469 i 4500
001 4681
003 KOSZ 005
005 20190906124752.0
008 970629s1991 pl a f f |000 0 pol
015 _aPB 1992/134
035 _a(PL-WaBN)b10451602-48omnis_nlop
035 _ab10451602
035 _a(OCoLC)834077894
035 _a(PL)b0000001045160
040 _aWA N
_cWA N
_dKOSZ 005/HR
046 _k1991
080 _a629.12
080 _a621.56/.59
080 _a(075.8)
100 1 _aBonca, Zenon
_d(1951- )
_eAutor
245 1 0 _aOkrętowe urządzenia chłodnicze :
_blaboratorium.
_nCz. 1 /
_cZenon Bonca, Ryszard Dziubek.
260 _aGdynia :
_bWydawnictwo Uczelniane Wyższej Szkoły Morskiej,
_c1991.
300 _a114 s. :
_brys., wykr. ;
_c21 cm.
336 _2rdacontent
_aTekst
_btxt
337 _2rdamedia
_aBez urzdzenia pośredniczącego
_bn
338 _2rdacarrier
_aWolumin
_bnc
380 _aKsiążki
380 _aPublikacje dydaktyczne
385 _mPoziom nauczania
_aSzkoły wyższe
388 _a1901-2000
388 _a1989-2000
504 _aBibliogr. s. 113-114.
658 _aInżynieria i technika
655 7 _aPodręczniki akademickie
_2DBN
650 7 _aStatki
_2DBN
650 7 _aUrządzenia
650 7 _aUrządzenia chłodnicze
_2DBN
700 1 _aDziubek, Ryszard.
_eAutor
856 _uhttp://koha.tu.koszalin.pl/cgi-bin/koha/opac-detail.pl?biblionumber=4681
_yKatalog online BPK
942 _2UKD
_cKS
999 _c4681
_d4681